Historia de la beneficencia española en México (Record no. 88335)
[ view plain ]
| 000 -LEADER | |
|---|---|
| campo de control de longitud fija | 00532nam a2200157 i 4500 |
| 001 - NÚMERO DE CONTROL | |
| campo de control | 88335 |
| 003 - IDENTIFICADOR DE NÚMERO DE CONTROL | |
| campo de control | ES-MaACL |
| 005 - FECHA Y HORA DE LA ÚLTIMA TRANSACCIÓN | |
| campo de control | 20230906175836.0 |
| 007 - CAMPO FIJO DE DESCRIPCIÓN FÍSICA--INFORMACIÓN GENERAL | |
| campo de control de longitud fija | t| |
| 008 - DATOS DE LONGITUD FIJA--INFORMACIÓN GENERAL | |
| campo de control de longitud fija | 050104s1955 mx ||||1| spa d |
| 100 1# - ENTRADA PRINCIPAL--NOMBRE DE PERSONA | |
| Nombre de persona | Laguarta, Pablo Porenzo. |
| 9 (RLIN) | 69609 |
| 245 10 - MENCIÓN DEL TÍTULO | |
| Título | Historia de la beneficencia española en México |
| Resto del título | : (sintesís) / |
| Mención de responsabilidad, etc. | Pablo Porenzo Laguarta. |
| 260 ## - PUBLICACIÓN, DISTRIBUCIÓN, ETC. | |
| Lugar de publicación, distribución, etc. | México : |
| Nombre del editor, distribuidor, etc. | Editorial España en América, |
| Fecha de publicación, distribución, etc. | 1955 ( |
| Fabricante | La Impresora Azteca) |
| 300 ## - DESCRIPCIÓN FÍSICA | |
| Extensión | 527 p., 18 lám. : |
| Otras características físicas | il. ; |
| Dimensiones | 24 cm. |
| 852 ## - LOCALIZACIÓN | |
| Ubicación | ES-MaACL |
| Número de control de estantería | C-5325 |
| Sublocalización o colección | R.37814 |
| Estatus retirado | Estado de pérdida | Estado de daño | No para préstamo | Biblioteca de origen | Biblioteca actual | Ubicación en estantería | Fecha de adquisición | Fuente de adquisición | Total de préstamos | Signatura topográfica completa | Código de barras | Visto por última vez | Precio de reemplazo | Tipo de ítem Koha |
|---|---|---|---|---|---|---|---|---|---|---|---|---|---|---|
| Biblioteca del Ateneo de Madrid | Biblioteca del Ateneo de Madrid | Sala Palomar | 17/01/2008 | C-5325 | 1092275 | 23/02/2023 | 23/02/2023 | Libro impreso |
